Coupe du Monde de Football Féminine 2023 - Statistiques

Statistiques générales
  • Ce quiz a été pris 1 049 fois
  • Le résultat moyen est 24 sur 32
Statistiques - réponses
Réponse % Correct
France
99%
Espagne
98%
Australie
95%
Brésil
95%
Etats-Unis
95%
Angleterre
94%
Allemagne
92%
Japon
92%
Portugal
89%
Suède
89%
Canada
87%
Chine
86%
Italie
85%
Norvège
85%
Pays-Bas
85%
Argentine
84%
Maroc
83%
Nouvelle-Zélande
81%
Suisse
80%
Colombie
73%
Irlande
73%
Corée du Sud
71%
Danemark
70%
Nigeria
66%
Afrique du Sud
61%
Jamaïque
55%
Panama
52%
Costa Rica
44%
Haïti
37%
Viêt Nam
37%
Zambie
31%
Philippines
29%
Aucun quiz correspondant
Distribution des résultats
% des personnes avec chaque résultat
Percentile par nombre de réponses
Votre historique - résultats
Vous n’avez pas pris ce quiz